<The> inefficiency of regulating a competitive industry: Productivity gains in trucking following reform.

Potvrdenie vyššej úrovne produktivity predpovedaných zástancami reformy a poukaz na to, že tieto rozdiely sú podstatné. Simulácie nákladov poukazujú na to, že po roku vyšších nákladov spôsobili snahy zostať konkurencieschopným značné úspory, ktoré časom rástli.

Gespeichert in:
Bibliographische Detailangaben
1. Verfasser: Ying, J.S
Format: Buchkapitel
Sprache:Englisch
Schlagworte:
Tags: Tag hinzufügen
Keine Tags, Fügen Sie das erste Tag hinzu!

MARC

LEADER 00000naa a2200000 4500
001 r001655
005 20220909074037.8
041 0 |a eng 
044 |a US 
245 1 0 |a <The> inefficiency of regulating a competitive industry: Productivity gains in trucking following reform.  |c J.S. Ying 
520 |a Potvrdenie vyššej úrovne produktivity predpovedaných zástancami reformy a poukaz na to, že tieto rozdiely sú podstatné. Simulácie nákladov poukazujú na to, že po roku vyšších nákladov spôsobili snahy zostať konkurencieschopným značné úspory, ktoré časom rástli. 
610 2 0 |a produktivita práce 
610 2 0 |a rast produktivity práce 
610 2 0 |a reformy hospodárske 
610 2 0 |a modely ekonomicko-matematické 
610 2 0 |a náklady 
100 1 |a Ying, J.S.